| 000 | 00913nam a2200289 i 4500 | ||
|---|---|---|---|
| 001 | 200461260 | ||
| 003 | TR-AnTOB | ||
| 005 | 20240626145525.0 | ||
| 007 | ta | ||
| 008 | 240626s1998 tu o 000 p tur d | ||
| 035 | _a(TR-AnTOB)200461260 | ||
| 040 |
_aTR-AnTOB _beng _erda _cTR-AnTOB |
||
| 041 | 0 | _atur | |
| 050 | 4 |
_aPL248.D345 _bG3 1998 |
|
| 090 |
_aPL248.D345 _bG3 1998 |
||
| 100 | 1 |
_aDağlarca, Fazıl Hüsnü, _d1914-2008 _eauthor _97189 |
|
| 245 | 1 | 0 |
_aGazi Mustafa Kemal Atatürk : _beylemde 10 Kasımlarda / _cFazıl Hüsnü Dağlarca. |
| 264 | 1 |
_aİstanbul : _bCumhuriyet, _c1998. |
|
| 300 |
_a143 pages : _bphotographs ; _c18 cm |
||
| 336 |
_atext _btxt _2rdacontent |
||
| 337 |
_aunmediated _bn _2rdamedia |
||
| 338 |
_avolume _bnc _2rdacarrier |
||
| 600 | 1 | 0 |
_aAtatürk, Mustafa Kemal _d1881-1938 _920781 |
| 650 | 7 |
_aTürk şiiri _2etuturkob _984273 |
|
| 942 |
_2lcc _cBK |
||
| 999 |
_c200461260 _d79472 |
||